00528 2200193 4500001002100000005001500021035002000036007000300056008004100059020001700100082001000117084001600127100002200143245007700165260003100242300002500273650001300298990002300311INLIS00000000000031520220513084042 a0010-0522000015ta220513 0 ind  a978979229173 a153.8 a153.8 JAM t0 aJamaludin El-Bima1 aThe Focus :b7 Arah Optimalisasi Diri untuk Menggapai Keseimbangan Hidup aJakarta :bGramedia,c2013 a167 :bilus ;c20 cm 4amotivasi a5317/SMPN 7 SBY/19